000 00450cam a2200181ua 4500
020 _c160.00
041 _aeng
_h
082 _a519.03
_bMIS/OP
100 _aMishra, B N .
245 _aOptimization linear programming /
_cB N Mishra.
_hTextual Documents
260 _aNew Delhi :
_bAne Books India ,
_c2006.
300 _a307 ; .
365 _a160.00
504 _a
700 1 _aMishra, B K .
942 _cBK
999 _c13231
_d13231